000 00597nam a2200241Ia 4500
003 OSt
005 20221005115015.0
006 a|||||r|||| 00| 0
007 ta
008 221004b |||||||| |||| 00| 0 guj d
024 _a40769
037 _cTextual
040 _aCRL
_cCRL
_bguj
041 _2guj
_aguj
082 _aU, 156E7
100 _aJoshi Krishna Nathu Bhah Au.
_9626970
245 0 _aBhuprasth vichar
260 _c1917
300 _a64p.
_ccm.
650 _aGEOGRAPHY
942 _hU, 156E7
_cTEXL
_2cc
999 _c1033134
_d1033134